Lý luận và văn học : Giải thưởng Hội Nhà văn Việt Nam 1991 /
সংরক্ষণ করুন:
| প্রধান লেখক: | |
|---|---|
| বিন্যাস: | Sách giấy |
| ভাষা: | Vietnamese |
| প্রকাশিত: |
H. :
Trẻ,
2005
|
| সংস্করন: | Tái bản lần thứ nhất |
| বিষয়গুলি: | |
| ট্যাগগুলো: |
ট্যাগ যুক্ত করুন
কোনো ট্যাগ নেই, প্রথমজন হিসাবে ট্যাগ করুন!
|
| Thư viện lưu trữ: | Thư viện Trường Đại học Đà Lạt |
|---|
| LEADER | 00806nam a2200313 4500 | ||
|---|---|---|---|
| 001 | DLU050049331 | ||
| 005 | ##20051110 | ||
| 040 | # | # | |a DLU |b vie |
| 041 | # | # | |a vie |
| 044 | # | # | |a vn |
| 082 | # | # | |a 801 |b LE-T |
| 100 | # | # | |a Lê Ngọc Trà |
| 245 | # | # | |a Lý luận và văn học : |b Giải thưởng Hội Nhà văn Việt Nam 1991 / |c Lê Ngọc Trà |
| 250 | # | # | |a Tái bản lần thứ nhất |
| 260 | # | # | |a H. : |b Trẻ, |c 2005 |
| 300 | # | # | |a 211 tr. ; |c 20 cm |
| 653 | # | # | |a Lý luận văn học |
| 653 | # | # | |a Sáng tạo nghệ thuật |
| 653 | # | # | |a Văn học nghệ thuật |
| 923 | # | # | |a 46/2005 |
| 992 | # | # | |a 23.000 |
| 994 | # | # | |a DLU |
| 900 | # | # | |a True |
| 911 | # | # | |a Đào Thị Thu Huyền |
| 925 | # | # | |a G |
| 926 | # | # | |a A |
| 927 | # | # | |a SH |
| 980 | # | # | |a Thư viện Trường Đại học Đà Lạt |